000 00900nam a2200217Ia 4500
003 OSt
005 20250521151848.0
008 191128t2014 ck er 000 f spa d
020 _a9789588886206
040 _aCO-JMCR
_cCO-JMCR
041 _aspa
082 0 4 _aA-N
_bGARr
100 1 _aGarcía Márquez, Gabriel,
_d1927-2014
_e autor
_93169
245 1 0 _aRelato de un náufrago /
_b1927-2014
_cGabriel García Márquez
260 _aBogotá :
_bRandom House Mondadori,
_c2014
300 _a170 páginas ;
_c19 cm.
500 _aIncluye datos biográficos del autor.
520 _aÉste debía ser el reportaje sobre un hombre, Luis Alejandro Velasco, que estuvo diez días a la deriva en una balsa mecida por el mar Caribe. El entonces joven periodista de El Espectador de Bogotá escuchó el relato de los hechos de boca de su protagonista
650 1 4 _aNovela colombiana
_97013
942 _2ddc
_cBK
999 _c3559
_d3559